El Congreso de la Poesía en el Ateneo : (Record no. 193663)

MARC details
000 -LEADER
campo de control de longitud fija 01252nam a2200289 i 4500
001 - NÚMERO DE CONTROL
campo de control 193663
003 - IDENTIFICADOR DE NÚMERO DE CONTROL
campo de control ES-MaACL
005 - FECHA Y HORA DE LA ÚLTIMA TRANSACCIÓN
campo de control 20250829063133.0
007 - CAMPO FIJO DE DESCRIPCIÓN FÍSICA--INFORMACIÓN GENERAL
campo de control de longitud fija ta
008 - DATOS DE LONGITUD FIJA--INFORMACIÓN GENERAL
campo de control de longitud fija 240202s1910 sp | |||| 000 spa
040 ## - FUENTE DE CATALOGACIÓN
Centro catalogador/agencia de origen Es-MaACL
245 03 - MENCIÓN DEL TÍTULO
Título El Congreso de la Poesía en el Ateneo :
Resto del título la presidencia de la sesión inaugural verificada ayer tarde, de izquierda a derecha, SS. AA. los infantes doña Pilar, doña María Teresa, doña Paz, doña Isabel y D. Luis de Orleans /
Mención de responsabilidad, etc. fot., Goñi
264 #1 - PRODUCCIÓN, PUBLICACIÓN, DISTRIBUCIÓN, FABRICACIÓN Y COPYRIGHT
Producción, publicación, distribución, fabricación y copyright Madrid :
Nombre del de productor, editor, distribuidor, fabricante ABC,
Fecha de producción, publicación, distribución, fabricación o copyright 1910
300 ## - DESCRIPCIÓN FÍSICA
Extensión 1 página :
Otras características físicas 1 ilustración ;
Dimensiones 30 cm
336 ## - TIPO DE CONTENIDO
Término de tipo de contenido Texto
Fuente rdacontent
337 ## - TIPO DE MEDIO
Nombre/término del tipo de medio sin mediación
Fuente rdamedia
338 ## - TIPO DE SOPORTE
Nombre/término del tipo de soporte volumen
Fuente rdacarrier
500 ## - NOTA GENERAL
Nota general Fotocopia de la página con la fotografía de los miembros asistentes al Congreso de la Poesía en el Ateneo de Madrid, publicada en "ABC", 5 de noviembre de 1910
610 24 - PUNTO DE ACCESO ADICIONAL DE MATERIA--NOMBRE DE ENTIDAD CORPORATIVA
Nombre de entidad corporativa o nombre de jurisdicción como elemento de entrada Ateneo de Madrid-
Subdivisión de forma Conferencias-
Subdivisión cronológica 1900-1939
9 (RLIN) 1907
611 24 - PUNTO DE ACCESO ADICIONAL DE MATERIA--NOMBRE DE REUNIÓN/CONGRESO
Nombre de congreso/reunión o jurisdicción como elemento de entrada Congreso de la Poesía
Fecha del congreso o de la firma del tratado (1910.
Sede del congreso/Lugar de la reunión Madrid)
9 (RLIN) 241602
655 #4 - TERMINO DE INDIZACIÓN--GENERO/FORMA
Datos o término principal de género/forma Fotografías
9 (RLIN) 242033
700 1# - ENTRADA AGREGADA--NOMBRE PERSONAL
Nombre de persona Goñi, Francisco,
Fechas asociadas al nombre 1873-1936
Término indicativo de función/relación Fotógrafo
9 (RLIN) 59080
852 4# - LOCALIZACIÓN
Ubicación ES-MaACL
Ubicación en estantería Depósito folletos
Número de control de estantería 2347-F-35
itemnumber 201179
942 ## - ELEMENTOS DE ENTRADA SECUNDARIOS (KOHA)
Fuente del sistema de clasificación o colocación Clasificación decimal universal
Tipo de ítem Koha Artículo de prensa
Suprimir en OPAC No
Holdings
Estatus retirado Estado de pérdida Fuente del sistema de clasificación o colocación Estado de daño No para préstamo Colección Biblioteca de origen Biblioteca actual Ubicación en estantería Fecha de adquisición Total de préstamos Signatura topográfica completa Código de barras Visto por última vez Tipo de ítem Koha
    Clasificación decimal universal     Fondo Ateneo de Madrid Biblioteca del Ateneo de Madrid Biblioteca del Ateneo de Madrid Depósito folletos 02/02/2024   2347-F-35 101206581 02/02/2024 Artículo de prensa